00894cam a22002411 450000100060000000300080000600500170001400800410003103500190007204000320009104100080012308200200013110000400015124501030019126000420029430000440033665000290038065000200040970000490042994200120047899900170049095201450050718289BD-RjUL20211209000250.0140220s1944 enk j 000 1 eng d a(BD-RjUL)18347 aDLCcPPTdDLCdBD-RjULbeng aeng00a823.9bLIW 19441 aLinklater, Eric,d1899-1974.95631014aThe wind on the moon /ca story for children by Eric Linklater; Nicolas Bentley drew the pictures. aLondon :bMacmillan & co. ltd,c1944. a3 p. l., 363, [1] p. :billus.;c19 cm. 1aSistersvFiction.942373 1aFantasy.9563111 aBentley, Nicolas,d1907-1978,eillus.956312 2ddccBK c18289d18289 00102ddc40718FICaRUCLbRUCLcReadingd1990-10-25eShawkat Osman Dhaka Giftl0o823.9 LIW 1944r2014-02-20 00:00:00tC-1w2014-02-20yBK